[Event "POR-chT 1st Divison 2018"]
[Site "Maia"]
[Date "2018.07.17"]
[Round "3"]
[White "Romano, Luis Miguel Pereira"]
[Black "Fernandes, Antonio"]
[Result "1-0"]
[WhiteElo "2083"]
[BlackElo "2403"]
[Annotator "TA"]
[PlyCount "75"]
[EventDate "2018.07.16"]
[EventType "team-tourn"]
[EventCountry "POR"]
[SourceTitle "playchess.com"]
[Source "ChessBase"]
[SourceQuality "1"]

{[%evp 24,75,94,48,120,119,171,171,212,131,125,102,104,88,131,124,123,133,128,119,135,125,147,111,157,158,200,206,266,273,274,271,418,412,623,616,1045,1010,954,791,2228,1976,2305,1866,3007,3291,29985,29986,29986,29987,29987,29988,29988,29989]} 1. e4 c5 2. Nf3 e6 3. d4 cxd4 4. Nxd4 Nf6 5. Nc3 d6 6. g4 {[%cal Bg2g4,Bg4g5][%mdl 32]} Nc6 7. g5 Nd7 8. Be3 a6 9. h4 Qc7 10. Qe2 b5 {B81: Sizilianisch (Keres-Angriff)} 11. Nxc6 Qxc6 12. Bd4 (12. a3 Ne5 13. Bd4 Bb7 14. Bg2 h6 15. f4 Ng6 16. Be3 hxg5 17. hxg5 Rxh1+ 18. Bxh1 {1-0 (29) Hamarat,T (2603)-Brzozka,S (2570) ICCF corr 1999}) 12... Bb7 13. O-O-O {LiveBook: 3 Partien} O-O-O {[#]} (13... b4 $14 14. Nd5 Rc8) 14. a3 $1 $16 Ne5 $146 (14... Re8 $16) ({Vorgänger:} 14... Nb6 15. Rh3 Kb8 16. f4 Nc4 17. Rhd3 Re8 18. Bg1 {1-0 (57) Korsunsky,R-Eingorn,V (2270) Baku (Azerbaijan) 1979}) 15. Rh3 $18 Nc4 16. Qg4 Kb8 17. Bxc4 Qxc4 18. h5 e5 19. Bxe5 Bc8 20. Qg3 Bxh3 21. Qxh3 Be7 22. Bf4 {[%mdl 1024] Weiss hat starke Kompensation.} Rhe8 23. Qg3 Qc6 24. Nd5 Bf8 {[#]} 25. f3 $1 Kb7 26. Rd3 Rc8 {[%csl Gc8][%cal Rc6c2]} 27. Qf2 {Tc3 ist eine echte Drohung.} Qc5 (27... a5 $142 28. Rb3 (28. Rc3 Qa6 $16) 28... Qa6) 28. Be3 Qc4 (28... Qc6 $142 29. Nb6 (29. Rc3 Qd7 $18) 29... Kb8 30. Nxc8 Rxc8) 29. Rc3 Qa4 30. Bd2 Rc5 31. b4 Rxd5 32. exd5 Rc8 33. Qd4 a5 34. Be3 {[%csl Ge3][%cal Rd4a7]} Rxc3 35. Qxc3 {Weiß setzt Matt.} axb4 36. Qc6+ Kb8 37. Qe8+ Kb7 38. Qxf7+ {Precision: Weiß = 71%, Schwarz = 21%.} 1-0

[Event "POR-chT 1st Divison 2018"]
[Site "Maia"]
[Date "2018.07.18"]
[Round "3"]
[White "Turcer, Dusan"]
[Black "Ftacnik, Lubomir"]
[Result "0-1"]
[WhiteElo "2039"]
[BlackElo "2514"]
[Annotator "TA"]
[PlyCount "130"]
[EventDate "2018.07.16"]
[EventType "team-tourn"]
[EventCountry "POR"]
[SourceTitle "playchess.com"]
[Source "ChessBase"]
[SourceQuality "1"]

{[%evp 9,130,37,46,47,36,25,51,32,51,44,63,43,63,57,72,62,73,0,0,0,64,42,42,31,60,52,91,66,71,41,58,45,70,72,54,60,70,70,61,59,56,50,52,46,58,52,54,10,46,5,43,29,36,40,54,0,0,0,14,0,0,-10,0,0,0,0,0,-7,0,0,0,0,0,-29,0,0,6,-6,-18,-48,-38,-21,-40,-138,-162,-178,-171,-208,-202,-390,-396,-339,-327,-305,-215,-212,-212,-210,-202,-193,-205,-196,-196,-443,-437,-433,-432,-432,-432,-416,-407,-463,-368,-361,-361,-345,-346,-508,-433,-545,-446,-606,-589]} 1. e4 c5 2. d4 cxd4 3. c3 d3 4. Bxd3 Nc6 5. f4 d6 (5... g6 6. Nf3 Bg7 7. Be3 d5 8. e5 Nh6 9. h3 f6 10. exf6 exf6 11. O-O O-O 12. Na3 Re8 13. Bf2 {1-0 (46) Becerra Rivero,J (2555)-Finegold,B (2493) ICC INT 2012}) 6. Nf3 {B21: Sicilian: 2 f4 and Morra Gambit} Nf6 7. h3 e5 8. O-O {White is slightly better.} Be7 9. c4 $146 ({Predecessor:} 9. b4 a6 10. a4 O-O 11. Na3 d5 12. exd5 Nxd5 13. Nxe5 Nxe5 14. fxe5 Nxc3 15. Bxh7+ Kxh7 {½-½ (66) Marcak,D (2152)-Andrejevic,M (2255) Kac 2012}) 9... Qb6+ 10. Kh2 $1 exf4 11. Nc3 $1 O-O 12. Bxf4 Be6 13. b3 (13. Nd5 $16 Bxd5 14. exd5) 13... Nh5 $11 14. Bg5 Qd8 ({Black should try} 14... Bxg5 $11 15. Nxg5 g6) 15. Bxe7 Qxe7 16. Qd2 Rae8 17. Rad1 Nf6 18. Bb1 Rd8 19. Qf4 Rd7 20. Kg1 Rfd8 21. Nd5 Bxd5 22. exd5 Ne5 23. Nd4 Nh5 24. Qf2 {aiming for Nf5.} (24. Qe3 {looks sharper.} g6 25. g4 Ng7 26. Kg2 Qh4 27. Qf4) 24... g6 25. Rde1 Ng7 26. Bc2 Rc8 27. a4 a6 28. Bb1 Qd8 29. Be4 Qb6 30. Kh1 Re8 31. Bc2 Qc5 32. Qh4 (32. g4 $14) 32... Rde7 33. Rd1 Nd7 34. Nf3 f6 35. Qh6 Nh5 {Threatens to win with ...Ng3+.} 36. Kh2 $1 Qe3 37. Qxe3 Rxe3 38. Nd4 Ng3 39. Rf3 Rxf3 40. gxf3 Nh5 41. Ne6 Nf8 42. Nd4 Nf4 43. Be4 f5 44. Bb1 Nd7 45. Kg3 Ne2+ 46. Nxe2 (46. Kf2 $1 $15 Nxd4 47. Rxd4) 46... Rxe2 $15 {[%mdl 4096] Endgame KRB-KRN} 47. b4 b6 {[%cal Bb7b6,Bb6c5][%mdl 32]} 48. Bd3 Ra2 49. c5 $2 {[#]} (49. a5 bxa5 50. bxa5) 49... bxc5 $19 50. b5 Rxa4 51. bxa6 {next Bb5 is good for White.} c4 52. Bf1 Nc5 53. Rc1 Nxa6 54. Bxc4 Nc5 55. h4 Kg7 56. f4 $2 (56. Bf1) 56... Ra3+ 57. Kg2 Ne4 58. Be2 Rg3+ 59. Kh2 Re3 60. Rc2 Kh6 61. Kg2 Nc3 62. Bf3 Rd3 63. h5 (63. Kf2 {might work better.}) 63... Nxd5 {Black is clearly winning.} 64. Kg3 gxh5 {[%cal Bg6h5,Bh5h4][%mdl 32]} 65. Re2 {[#]} h4+ $1 {Precision: White = 49%, Black = 61%.} 0-1

[Event "POR-chT 1st Divison 2018"]
[Site "Maia"]
[Date "2018.07.18"]
[Round "4"]
[White "Iturrizaga Bonelli, Eduardo"]
[Black "Larino Nieto, David"]
[Result "1-0"]
[WhiteElo "2652"]
[BlackElo "2423"]
[Annotator "TA"]
[PlyCount "61"]
[EventDate "2018.07.16"]
[EventType "team-tourn"]
[EventCountry "POR"]
[SourceTitle "playchess.com"]
[Source "ChessBase"]
[SourceQuality "1"]

{[%evp 16,61,45,22,83,77,72,65,71,56,70,74,81,93,81,75,112,106,124,125,112,66,67,65,162,83,108,93,117,72,61,51,83,81,218,211,317,306,525,519,505,509,1611,1646,1547,1558,1483,1464]} 1. Nf3 e6 2. d4 Nf6 3. g3 b6 4. Bg2 Bb7 5. O-O c5 6. c4 cxd4 7. Qxd4 Nc6 8. Qf4 d5 9. Nc3 {LiveBook: 5 Games. A30: Symmetrical English: Double Fianchetto and Hedgehog} Nh5 (9... Bd6 $11 10. Qh4 Be7) 10. Qg4 Nf6 11. Qh4 {White is better.} Be7 12. Rd1 Ne4 13. Qh5 {[#] Threatens to win with Nxe4.} Nf6 $146 ({Predecessor:} 13... g6 14. Qh6 Bf8 15. Qh3 Nxc3 16. bxc3 Bg7 17. e4 O-O 18. exd5 exd5 19. cxd5 {½-½ (44) Orzech,D (2338)-Meijers,V (2462) Leutersdorf 2007}) 14. Qh3 O-O 15. Bf4 Na5 16. Ne5 Re8 17. cxd5 exd5 18. Ng4 {And now Nxf6+ would win.} Qc8 19. Bf3 {aiming for Rac1.} Kh8 (19... d4 $14 20. Rxd4 Bxf3 21. exf3 h5 22. Nxf6+ Bxf6 23. Qxc8 Rexc8) 20. Rac1 (20. Nxd5 $18 Bxd5 21. Rxd5 (21. Bxd5 Qxg4 22. Qxg4 Nxg4 $14)) 20... Qf5 $16 {next ...h5 is good for Black.} 21. Nb5 {Black must now prevent Nc7.} Rac8 22. Nd4 (22. Nxa7 Rxc1 23. Rxc1 h5 $15) 22... Qd7 23. Qh4 Ne4 24. Qh5 {Ne5 is the strong threat.} Rxc1 (24... f6 $16) 25. Rxc1 $40 {[%mdl 128] White is out for blood.} (25. Bxc1 f6 $16) 25... Bc5 (25... Bd6 $142 26. Be5 Bxe5 27. Nxe5 g6) 26. Ne5 Qe7 $2 (26... g6) 27. Bxe4 {White is clearly winning.} dxe4 28. Nf5 g6 {[#]} (28... Qe6 $142 29. Nxf7+ Kg8) 29. Nxg6+ $1 {[%mdl 512]} fxg6 30. Nxe7 Rxe7 31. Qg5 {Precision: White = 64%, Black = 18%.} 1-0

[Event "POR-chT 1st Divison 2018"]
[Site "Maia"]
[Date "2018.07.18"]
[Round "4"]
[White "Santos Latasa, Jaime"]
[Black "Sousa, Andre Ventura"]
[Result "*"]
[WhiteElo "2576"]
[BlackElo "2373"]
[Annotator "TA"]
[PlyCount "69"]
[EventDate "2018.07.16"]
[EventType "team-tourn"]
[EventCountry "POR"]
[SourceTitle "playchess.com"]
[Source "ChessBase"]
[SourceQuality "1"]

{[%evp 19,69,34,39,27,30,29,29,37,56,58,77,22,111,20,20,25,29,35,68,0,0,-172,-147,-352,-318,-348,-79,-59,-23,-32,-32,-108,-57,-53,-62,-51,-60,-80,-85,-79,-75,-100,-49,-52,-12,-48,0,0,0,0,0,0]} 1. c4 e6 2. Nc3 d5 3. d4 Bb4 4. a3 Bxc3+ 5. bxc3 Nf6 6. cxd5 exd5 7. e3 Bf5 8. f3 O-O 9. Ne2 c5 10. g4 {E27: Nimzo-Indian: Sämisch: 5...0-0 6 f3} Bg6 {LiveBook: 12 Games} 11. h4 (11. Nf4 Nc6 12. Bg2 Rc8 13. O-O cxd4 14. cxd4 Na5 15. Ra2 Nc4 16. Re2 b5 17. h4 h5 {0-1 (43) Steingrimsson,H (2576)-Mchedlishvili,M (2604) Heraklio 2017}) 11... h5 12. g5 $1 {[%cal Rg5f6] White has an edge.} Ne8 13. Nf4 cxd4 $146 ({Predecessor:} 13... Nc6 14. Bd3 Bxd3 15. Qxd3 cxd4 16. cxd4 g6 17. Bd2 Qd7 {½-½ (25) Severins,J (2143)-Belmar Juaranz,C (2260) ICCF email 2015}) 14. cxd4 Nc6 $1 {[%cal Bb8c6,Bc6e7,Be7f5][%mdl 32]} 15. Kf2 (15. Bd2 $16) 15... Nd6 (15... Ne7 $11) 16. Qb3 (16. Nxd5 $16 Rc8 17. Bd3) 16... Ne7 $11 17. a4 Rc8 18. Ba3 Bc2 19. Qb4 ({White should try} 19. Qb2 $14) 19... Nef5 20. Nxd5 $2 {[#]} (20. Qd2 $1 $11) 20... Re8 $1 $19 ({Stronger than} 20... Be4 21. Nc3 $14 (21. fxe4 Nxe4+ 22. Kg1 Qxd5 $15)) 21. Be2 $2 (21. g6 $17 fxg6 22. Rc1) 21... Be4 22. Nc3 {[#]} Qc7 $2 (22... Bxf3 $1 $19 {[%mdl 512] is more deadly.} 23. Bxf3 Rxe3) 23. Rac1 $17 Bc2 (23... Bc6 {feels hotter.} 24. d5 Nc4 25. Rh3 Bd7 26. Bxc4 Qxc4 27. Qxc4 Rxc4 28. Rhh1 Rxe3 29. Nd1 Rxc1 30. Bxc1 Rd3) 24. Rxc2 {Strongly threatening e4.} Rxe3 {...Ne4+! is the strong threat.} 25. g6 (25. Qc5 $15 Qb8 26. Qd5 Rexc3 27. Rxc3 Rxc3 28. Bxd6 Nxd6 29. g6) 25... Rxc3 (25... fxg6 $17 26. Bd1 Rxc3 27. Qxc3 Qxc3 28. Rxc3 Rxc3) 26. Rxc3 $15 Qxc3 27. Qxc3 Rxc3 28. gxf7+ Kxf7 29. Bb4 Rc2 30. Rd1 Ke6 (30... Nc4 $17 31. d5 Ke8) 31. d5+ Ke5 32. Rd3 Ra2 33. Bc3+ {The position is equal.} Kf4 34. Bd2+ Ke5 35. Bc3+ {Precision: White = 48%, Black = 26%.} *

[Event "POR-chT 1st Divison 2018"]
[Site "Maia"]
[Date "2018.07.18"]
[Round "4"]
[White "Vavulin, Maksim"]
[Black "Gargatagli, Hipolito Asis"]
[Result "1-0"]
[WhiteElo "2552"]
[BlackElo "2538"]
[Annotator "TA"]
[PlyCount "97"]
[EventDate "2018.07.16"]
[EventType "team-tourn"]
[EventCountry "POR"]
[SourceTitle "playchess.com"]
[Source "ChessBase"]
[SourceQuality "1"]

{[%evp 15,97,9,20,32,40,0,0,0,0,0,0,-27,0,0,0,-22,-18,-26,-29,-12,-19,-18,-15,-37,-26,-57,-35,-54,-56,-54,-58,-64,-46,-61,-44,-110,-112,-125,-33,-94,-85,-292,-292,-307,-301,-298,-308,-386,-291,-291,-291,-291,-285,-299,-273,-291,-172,-172,0,0,0,-161,-152,-151,-149,-900,-816,-893,-847,-789,-420,-417,-389,-381,0,0,0,0,0,0,0,0,12829,12826]} 1. e4 c5 2. Nf3 d6 3. d4 cxd4 4. Nxd4 Nf6 5. Nc3 a6 6. Qd3 {B90: Sicilian Najdorf: Unusual White 6th moves, 6 Be3 Ng4 and 6 Be3 e5} (6. g3 e5 7. Nde2 Be7 8. Bg2 b5 9. Nd5 Nbd7 10. Nec3 Nb6 11. Nxf6+ Bxf6 12. O-O O-O 13. b3 b4 14. Nd5 Nxd5 15. Qxd5 Be6 16. Qd3 Qc7 {0-1 (57) Giri,A (2782)-Vachier Lagrave,M (2789) Leuven 2018}) 6... g6 7. Bg5 Bg7 8. O-O-O Nbd7 {LiveBook: 9 Games} 9. Kb1 Qc7 10. Be2 b5 11. f4 Bb7 12. Bf3 O-O 13. Rhe1 Nc5 {[#]} 14. Qd2 $146 e6 {aiming for ...b4.} 15. e5 dxe5 16. fxe5 Nfd7 $1 17. Bxb7 Qxb7 18. Nf3 {Threatening b4.} a5 19. Qd4 Rfc8 20. h4 h6 {[%cal Bh7h6,Bh6h5][%mdl 32]} 21. Bc1 b4 22. Ne4 Nxe4 23. Qxd7 Rc7 24. Qd4 Nc5 25. Qg4 ({White should play} 25. h5 $15) 25... h5 $36 {[%mdl 2048] Keeping White busy.} 26. Qg5 Rd7 (26... a4 $17 27. Rd8+ Bf8 28. Rxa8 Qxa8) 27. Rd6 (27. Qf4 $15) 27... a4 $17 28. Qd2 $2 (28. Rxd7 $17 Nxd7 29. Qe3) 28... Ne4 $19 29. Rxd7 Nxd2+ 30. Rxd2 b3 31. Red1 bxc2+ 32. Rxc2 Rc8 33. Rxc8+ Qxc8 34. Bg5 Qc4 35. a3 Kh7 (35... Qe2 $142 36. Rd8+ Kh7) 36. Rd7 Kg8 $2 (36... Qb5 $19 37. Rxf7 Kg8) 37. Rd8+ $11 Kh7 {...Qf1+ is the strong threat.} 38. Bf6 $2 (38. Rd7 $1 $11 {and White has nothing to worry.}) 38... Bxf6 $19 39. exf6 {[%mdl 4096] Endgame [#] Ng5+ would kill now. KQ-KRN} g5 $1 {[%cal Rg5h4,Bg6g5,Bg5g4][%mdl 544]} 40. Rf8 $2 {[%mdl 8192]} (40. hxg5 $17 Qe2 41. Rf8) (40. Nxg5+ Kg6) 40... Qd3+ 41. Ka2 Qd5+ 42. Ka1 g4 43. Ng5+ Kg6 44. Rxf7 Qxg2 $2 ({Better is} 44... Qd1+ $19 45. Ka2 Qd5+ 46. Kb1 Qd8) 45. Rf8 $1 $11 Qh1+ (45... g3 $5 46. f7 $8 Kf6 $11) 46. Ka2 Qd5+ ({Avoid the trap} 46... Qxh4 $2 47. f7 $18) (46... g3 $5 47. f7 $8 Qd5+ 48. Ka1 Qd1+ 49. Ka2 Kf6 $11) 47. Ka1 Qh1+ (47... g3 $5 48. f7 $8 Kf6 $11) 48. Ka2 Qxh4 $2 {[%mdl 8192]} (48... g3 $11 49. f7 Qd5+ 50. Ka1 Qd1+ 51. Ka2 Kf6) 49. f7 {Precision: White = 43%, Black = 50%.} 1-0

[Event "POR-chT 1st Divison 2018"]
[Site "Maia"]
[Date "2018.07.18"]
[Round "4"]
[White "Kantans, Toms"]
[Black "Galvao, Henrique"]
[Result "1-0"]
[WhiteElo "2529"]
[BlackElo "2161"]
[Annotator "TA"]
[PlyCount "41"]
[EventDate "2018.07.16"]
[EventType "team-tourn"]
[EventCountry "POR"]
[SourceTitle "playchess.com"]
[Source "ChessBase"]
[SourceQuality "1"]

{[%evp 14,41,75,33,123,137,241,210,298,298,347,308,299,299,302,305,383,296,495,485,623,545,606,538,1444,1425,1425,1265,2795,2739]} 1. e4 e5 2. Nf3 Nc6 3. Bb5 {[%cal Bf1b5,Bb5a4,Ba4c6][%mdl 32]} a6 4. Ba4 Nf6 5. O-O Nxe4 6. d4 exd4 7. Re1 {C80: Spanische Partie (Offene Verteidigung)} d5 8. Nxd4 {LiveBook: 71 Partien} Bc5 (8... Bd6 $1 $14) (8... Bd6 9. Nxc6 Bxh2+ 10. Kxh2 Qh4+ 11. Kg1 Qxf2+ 12. Kh2 Qh4+ 13. Kg1 Qf2+ 14. Kh2 Qh4+ {½-½ (14) Nemeth,M (2494)-Szabo,B (2369) Hungary 2018}) 9. Bxc6+ $16 {Weiß steht besser.} Kf8 (9... bxc6 $16 10. f3 Qh4) 10. f3 {[%cal Bf2f3,Bf3e4][%mdl 32]} Qh4 (10... Nf6 {ist eine bessere Verteidigung.}) 11. g3 $18 (11. fxe4 Bxd4+ 12. Be3 Bxb2 $11) 11... Qh3 12. fxe4 Bg4 13. Qd3 bxc6 14. Be3 $146 ({Vorgänger:} 14. c3 Bb6 {0-1 (31) Pereira,E (2106)-Galvao,H (2187) Figueira da Foz 2007}) 14... Bd6 {beabsichtigt ...Lxg3.} 15. Bf2 Re8 $2 {[#]} (15... h5 {kämpft weiter.} 16. Nxc6 h4) 16. Nd2 {Weiß steht klar auf Gewinn.} Qh5 17. Nxc6 Qg6 18. exd5 Bf5 19. Rxe8+ Kxe8 20. Re1+ Kd7 21. Qxa6 1-0

[Event "POR-chT 1st Divison 2018"]
[Site "Maia"]
[Date "2018.07.18"]
[Round "4"]
[White "Martinez Duany, Lelys Stanley"]
[Black "Cruz, Jorge Filipe Egas"]
[Result "1-0"]
[WhiteElo "2528"]
[BlackElo "2159"]
[Annotator "TA"]
[PlyCount "65"]
[EventDate "2018.07.16"]
[EventType "team-tourn"]
[EventCountry "POR"]
[SourceTitle "playchess.com"]
[Source "ChessBase"]
[SourceQuality "1"]

{[%evp 18,65,0,7,39,35,43,51,81,60,60,54,110,116,135,123,169,161,247,222,222,170,168,173,164,173,426,283,302,174,302,292,281,290,284,282,284,273,300,318,1097,1031,1096,1086,29995,29996,29996,29997,29997,29998]} 1. e4 c5 2. Nf3 g6 3. c3 Bg7 4. Bc4 e6 5. Bb3 (5. d4 cxd4 6. cxd4 d5 7. exd5 exd5 8. Bb3 Ne7 9. h3 Nbc6 10. O-O O-O 11. Nc3 h6 12. Bf4 Bf5 {0-1 (43) Safarli,E (2649)-Iturrizaga Bonelli,E (2653) Dubai 2014}) 5... Ne7 6. d4 $146 {B27: Sicilian: 2 Nf3, unusual Black 2nd moves} ({Predecessor:} 6. d3 O-O 7. Be3 b6 8. Qd2 d5 9. e5 Nf5 10. g4 Nh4 11. Nxh4 Qxh4 12. Bg5 Qxg4 {0-1 (25) Sackl,E (1783)-Danner,G (2316) Deutschlandsberg 2018}) 6... cxd4 7. cxd4 d5 8. e5 Nbc6 9. O-O O-O 10. Nc3 {LiveBook: 3 Games} b6 11. Re1 Ba6 12. Bc2 Qc7 13. Bf4 Rfc8 14. Rc1 b5 (14... Qd8 $14) 15. Qd2 Na5 {next ...Nc4 is good for Black.} 16. Bh6 $1 Nc4 17. Qf4 Nc6 (17... Qd8 $142) 18. Bxg7 $18 Kxg7 19. Qf6+ Kg8 {[#]} 20. Qh4 $1 {[%cal Rh4h6] Hoping for Qh6.} Kg7 {[#]} 21. b3 $1 {[%cal Rb3c4]} Na3 $2 (21... Nb6 22. Bd3 (22. Ng5 h6 $16) 22... Qe7) 22. Qf6+ Kg8 23. Bd3 (23. Bf5 $142) 23... Qe7 (23... Bb7 $142 24. Nxb5 Nxb5) 24. Nxd5 $1 Qxf6 25. Nxf6+ Kg7 26. Be4 Bb7 27. Rc5 {Rec1 is the strong threat.} Na5 28. Rec1 Rd8 $2 (28... Rxc5 29. Rxc5 (29. dxc5 Bxe4 30. Nxe4 Nc6 $18) 29... Rb8) 29. Bxb7 Nxb7 30. Rc7 {White threatens Rxf7+! and mate.} Na5 {[#]} 31. Rxf7+ $3 {[%mdl 512] White mates.} Kxf7 32. Rc7+ Kf8 33. Ng5 {Precision: White = 97%, Black = 17%.} 1-0

[Event "POR-chT 1st Divison 2018"]
[Site "Maia"]
[Date "2018.07.18"]
[Round "4"]
[White "Ferreira, Jorge"]
[Black "Zelbel, Patrick"]
[Result "1-0"]
[WhiteElo "2522"]
[BlackElo "2418"]
[Annotator "TA"]
[PlyCount "59"]
[EventDate "2018.07.16"]
[EventType "team-tourn"]
[EventCountry "POR"]
[SourceTitle "playchess.com"]
[Source "ChessBase"]
[SourceQuality "1"]

{[%evp 24,59,27,26,81,81,100,106,111,104,108,85,124,89,120,93,112,97,106,81,85,88,170,157,181,184,195,201,193,198,193,192,194,191,219,223,447,504]} 1. c4 Nf6 2. g3 g6 3. Bg2 Bg7 4. Nc3 O-O 5. e4 d6 6. Nge2 c5 7. O-O Nc6 8. d3 Bd7 9. h3 Ne8 {[%cal Bf6e8,Be8c7,Bc7e6][%mdl 32]} 10. Be3 Nc7 11. d4 cxd4 12. Nxd4 Ne6 {A36: Symmetrical English vs ...g6: 4 Bg2 Bg7} 13. Nde2 {LiveBook: 5 Games} Ne5 {[#]} (13... a6 $11) (13... Rb8 14. Rb1 a6 15. a4 Na5 16. b3 b5 17. cxb5 axb5 18. axb5 Bxb5 19. Nxb5 Rxb5 {½-½ (42) Thiede,L (2440)-Schreiner,P (2471) Austria 2014}) 14. b3 $1 $16 Bc6 {White is better.} 15. f4 {[%cal Bf2f4,Bf4f5][%mdl 32]} Nd7 16. f5 $146 ({Predecessor:} 16. Rc1 a6 17. Nd5 Nf6 18. Nec3 Re8 19. Bb6 Qd7 20. g4 {1-0 (37) Foisor,C (2364)-Popova,N (2239) Plovdiv 2008}) 16... Nc7 17. Qd2 Re8 18. Bh6 Be5 19. Rae1 e6 20. Bg5 f6 21. Be3 Qe7 22. g4 gxf5 (22... a5 $16) 23. exf5 $18 Kh8 24. Nd4 Bxd4 25. Bxd4 {Black must now prevent fxe6.} e5 26. Bf2 Red8 27. Bh4 Bxg2 28. Kxg2 d5 29. Nxd5 Nb6 $2 {[#]} (29... Nxd5 {was necessary.} 30. Qxd5 Nf8) 30. Qb4 {Precision: White = 76%, Black = 29%.} ({Not} 30. Nxe7 Rxd2+ 31. Rf2 Rxf2+ 32. Bxf2 Re8 $18) 1-0

[Event "POR-chT 1st Divison 2018"]
[Site "Maia"]
[Date "2018.07.18"]
[Round "4"]
[White "Cuenca Jimenez, Jose Fernando"]
[Black "Spraggett, Kevin Barry"]
[Result "1/2-1/2"]
[WhiteElo "2513"]
[BlackElo "2530"]
[Annotator "TA"]
[PlyCount "135"]
[EventDate "2018.07.16"]
[EventType "team-tourn"]
[EventCountry "POR"]
[SourceTitle "playchess.com"]
[Source "ChessBase"]
[SourceQuality "1"]

{[%evp 14,135,53,53,43,51,56,56,46,56,67,41,40,27,32,34,31,28,36,29,64,50,92,105,92,100,99,97,164,108,189,184,162,175,229,108,312,93,89,86,71,40,56,24,63,30,41,40,35,30,22,21,63,37,62,29,93,83,93,63,84,0,64,0,75,0,57,47,66,31,85,25,31,25,28,0,31,11,20,11,58,20,24,0,26,0,30,0,0,-78,37,0,0,0,17,20,25,16,14,-34,31,30,42,0,0,0,0,0,0,0,0,-25,-24,-15,-15,-22,0,-15,0,-15,-11,-20,0,-78]} 1. d4 Nf6 2. c4 e6 3. Nc3 Bb4 4. Qc2 c5 5. dxc5 Qc7 6. Nf3 Bxc5 7. g3 {E38: Nimzo-Indian: Classical: 4...c5} a6 8. Bg2 {LiveBook: 34 Games} h6 9. O-O {White is slightly better.} d6 10. b3 Nc6 $146 ({Predecessor:} 10... O-O 11. Bb2 e5 12. Rac1 Be6 13. Nd5 Bxd5 14. cxd5 Rc8 {1-0 (50) Bocharov,D (2614)-Tunik,G (2437) Taganrog 2013}) 11. Bb2 O-O 12. Na4 e5 13. Nxc5 dxc5 14. e3 Re8 15. a3 a5 16. Nd2 a4 17. bxa4 Qa5 18. Bc3 Qxa4 19. Qb2 Re7 20. Qb5 Nd7 (20... Qc2 $16 21. Rfc1 Qd3) 21. Rfd1 (21. Ne4 $18) 21... Qc2 (21... f5 $16 22. Bd5+ Kh7) 22. Ne4 $1 $18 Rxa3 23. Rac1 $1 {[%cal Rc1c2]} Qa4 {[#]} (23... Qa2 {might work better.} 24. Nxc5 Qe2) 24. Bb2 ({But not} 24. Nxc5 $6 Nxc5 25. Bxc6 (25. Qxc5 Re8 $16) 25... bxc6 $16) (24. Qxa4 $1 $18 {and the rest is easy.} Rxa4 25. Nd6) 24... Ra2 $2 (24... Na7 $16 {was worth a try.} 25. Rxd7 (25. Qxa4 Rxa4 26. Bf3 Nb6 $16) 25... Rxd7 26. Qxa4 Rxa4) 25. Nd6 $2 ({Inferior is} 25. Nxc5 Nxc5 26. Qxc5 Rxb2 $11) (25. Qxa4 $18 Rxa4 26. Nd6) 25... Qa8 $16 26. Qb3 {[%mdl 1024] White has strong compensation.} Ra6 27. Nb5 {[%cal Bd6b5,Bb5c3,Bc3d5][%mdl 32]} Nf8 28. Rd2 Qb8 29. Nc3 Be6 30. Nd5 Re8 31. Bc3 Nd7 32. Rb1 Nd8 33. Qc2 b6 34. Qb3 Qa7 (34... f6 $11 {keeps the balance.}) 35. Qb5 Ra3 36. Qb2 Ra4 37. Qb5 Ra3 $1 38. Qb2 Ra4 $1 39. Qb3 (39. Rbd1 $16) 39... Ra3 (39... Ra6 $11) 40. Qc2 f6 41. h4 Ra6 ({Better is} 41... Nf7 $14) 42. Qb2 ({White should play} 42. Rf1 $16) 42... Nf7 $11 43. Qb5 {Strongly threatening Nc7!} Ra3 44. Qb2 Ra4 45. Qb3 Ra3 46. Qc2 Ra6 47. Kh2 Nf8 48. Qb2 Rb8 49. Qc2 Ra3 50. Bf3 Kh8 51. Bg2 (51. Bb2 $11 Ra6 52. Rdd1) 51... Kg8 (51... Nd6 $17 52. Qd3 {[#]} e4 $1 {[%mdl 512]}) 52. Qb2 Ra4 53. Qb3 Ra3 54. Qc2 Kh8 55. Bb2 Ra4 56. Qb3 b5 ({Black should try} 56... Nd6 $15 57. Rc1 b5 58. cxb5 Rxb5) 57. cxb5 $14 {Black must now prevent b6.} Rb4 58. Qc2 {Hoping for Ra1.} R4xb5 59. Ra1 Ra5 60. Rxa5 Qxa5 61. Bc3 Qa7 62. Qa2 Qxa2 63. Rxa2 Rd8 {The position is equal.} 64. Rd2 Rb8 65. Nc7 Bc4 66. Rc2 Bd3 67. Ra2 Nd6 68. Nd5 {Precision: White = 35%, Black = 51%.} (68. Na6 $11 Bc4 69. Rd2 Bxa6 70. Rxd6) 1/2-1/2

[Event "POR-chT 1st Divison 2018"]
[Site "Maia"]
[Date "2018.07.18"]
[Round "4"]
[White "Korneev, Oleg"]
[Black "Padeiro, Jose"]
[Result "*"]
[WhiteElo "2506"]
[BlackElo "2284"]
[Annotator "TA"]
[PlyCount "43"]
[EventDate "2018.07.16"]
[EventType "team-tourn"]
[EventCountry "POR"]
[SourceTitle "playchess.com"]
[Source "ChessBase"]
[SourceQuality "1"]

{[%evp 24,43,61,31,64,53,67,42,47,42,76,47,53,58,58,15,40,16,71,37,59,-50]} 1. e4 c6 2. c4 d5 3. exd5 cxd5 4. cxd5 Nf6 5. Nc3 Nxd5 6. Nf3 Nc6 7. Bb5 e6 8. O-O Be7 9. d4 O-O 10. Re1 Nxc3 11. bxc3 {[%cal Bb2c3,Bc3c4][%mdl 32]} Bd7 12. Bd3 Rc8 13. Qe2 {LiveBook: 5 Games} Qa5 $146 {B10: Caro-Kann: 2 d3 and 2 c4} ({Predecessor:} 13... Re8 14. Rb1 Na5 15. Ne5 g6 16. Qf3 f5 17. Bd2 Nc6 18. Nxd7 Qxd7 19. Qe2 Bf6 20. Bc4 Kf7 21. Rb5 {½-½ (69) Dragnev,V (2475)-Matko,O (2311) Zadar 2016}) 14. Bd2 Qh5 15. Rab1 Nd8 16. c4 Bd6 17. h3 (17. c5 $5 {[%cal Rc5d6]} Bc7 18. Ne5 Qxe2 19. Rxe2 $16) 17... f6 18. Be4 b6 19. Rec1 (19. a4 $5) 19... Nf7 20. Qf1 f5 (20... Nd8 $1 $11 {keeps the balance.}) 21. Bd3 g5 {next ...g4 is good for Black.} 22. Be2 {Precision: White = 52%, Black = 34%.} (22. c5 $1 $14 bxc5 23. Ba6) *